Stories suid van die son:28 inheemse voorleesverhale (Record no. 746753)

MARC details
000 -LEADER
fixed length control field 00493 a2200169 4500
003 - CONTROL NUMBER IDENTIFIER
control field 3228
005 - DATE AND TIME OF LATEST TRANSACTION
control field 20240731110747.0
008 - FIXED-LENGTH DATA ELEMENTS--GENERAL INFORMATION
fixed length control field 240731b sa ||||| |||| 00| 0 eng d
020 ## - INTERNATIONAL STANDARD BOOK NUMBER
International Standard Book Number 9780624030836
Qualifying information Hardcover
040 ## - CATALOGING SOURCE
Original cataloging agency RDA
Transcribing agency 3228
082 ## - DEWEY DECIMAL CLASSIFICATION NUMBER
Classification number AKF STOR
100 ## - MAIN ENTRY--PERSONAL NAME
Personal name Bodenstein,Christel & Hans
9 (RLIN) 187789
245 ## - TITLE STATEMENT
Title Stories suid van die son:28 inheemse voorleesverhale
260 ## - PUBLICATION, DISTRIBUTION, ETC.
Place of publication, distribution, etc. Kaapstad:
Name of publisher, distributor, etc. Tafelberg:
Date of publication, distribution, etc. 1993.
300 ## - PHYSICAL DESCRIPTION
Extent 96 Pages
Other physical details Colour illustrations
Dimensions 28 cm
942 ## - ADDED ENTRY ELEMENTS
Source of classification or shelving scheme Dewey Decimal Classification
item type Book
-- 162
-- Elsie Maluleke
Holdings
Withdrawn status Lost status Damaged status Not for loan Home library Current library Shelving location Date acquired Total Checkouts Full call number Barcode Date last seen Price effective from item type Source of classification or shelving scheme
        LYDENBURG REGIONAL LIBRARY Graskop Fiction 31.07.2024   AKF STOR 33228020654560 31.07.2024 31.07.2024 Book Dewey Decimal Classification
        Sakhile public library Sakhile public library Children's Area 27.03.2023   AKF STOR 33228024049015 27.03.2023 27.03.2023 Book